Química clínica (Record no. 79400)

MARC details
000 -LEADER
campo de control de longitud fija 00752nam a2200229 i 4500
001 - NÚMERO DE CONTROL
campo de control 79400
003 - IDENTIFICADOR DE NÚMERO DE CONTROL
campo de control ES-MaACL
007 - CAMPO FIJO DE DESCRIPCIÓN FÍSICA--INFORMACIÓN GENERAL
campo de control de longitud fija t|
008 - DATOS DE LONGITUD FIJA--INFORMACIÓN GENERAL
campo de control de longitud fija 041021s1980 sp ||||1| spa d
020 ## - NÚMERO INTERNACIONAL ESTÁNDAR DEL LIBRO
Número Internacional Estándar del Libro 84-7092-200-9
100 1# - ENTRADA PRINCIPAL--NOMBRE DE PERSONA
Nombre de persona Henry, Richard J.
9 (RLIN) 62605
245 10 - MENCIÓN DEL TÍTULO
Título Química clínica
Resto del título : principios y técnicas /
Mención de responsabilidad, etc. Richard J. Henry, Donald C. Cannon, James W. Winkelman ; versión española por Armando Zubizarreta Chimeno.
250 ## - MENCION DE EDICION
Mención de edición [2ª ed.].
260 ## - PUBLICACIÓN, DISTRIBUCIÓN, ETC.
Lugar de publicación, distribución, etc. Barcelona :
Nombre del editor, distribuidor, etc. Jims,
Fecha de publicación, distribución, etc. [1980]
300 ## - DESCRIPCIÓN FÍSICA
Extensión 2 v. ;
Dimensiones 25 cm.
500 ## - NOTA GENERAL
Nota general Indice.
504 ## - NOTA DE BIBLIOGRAFÍA, ETC.
Nota de bibliografía, etc. Bibliografía.
700 1# - ENTRADA AGREGADA--NOMBRE PERSONAL
Nombre de persona Zubizarreta Chimeno, Armando.
9 (RLIN) 118417
700 1# - ENTRADA AGREGADA--NOMBRE PERSONAL
Nombre de persona Cannon, Donald C.
9 (RLIN) 34519
700 1# - ENTRADA AGREGADA--NOMBRE PERSONAL
Nombre de persona Winkelmann, James W.
9 (RLIN) 117084
852 ## - LOCALIZACIÓN
Ubicación ES-MaACL
Número de control de estantería B-9420-1
Sublocalización o colección R.114828
Holdings
Estatus retirado Estado de pérdida Estado de daño No para préstamo Biblioteca de origen Biblioteca actual Ubicación en estantería Fecha de adquisición Fuente de adquisición Total de préstamos Signatura topográfica completa Código de barras Visto por última vez Precio de reemplazo Tipo de ítem Koha
        Biblioteca del Ateneo de Madrid Biblioteca del Ateneo de Madrid Sala Pardo Bazán 17/01/2008     B-9420-1 1083031 23/02/2023 23/02/2023 Libro impreso